How to study law (Record no. 83302)

MARC details
000 -LEADER
fixed length control field 00836 a2200289 4500
003 - CONTROL NUMBER IDENTIFIER
control field CBULib
005 - DATE AND TIME OF LATEST TRANSACTION
control field 20231205111509.0
008 - FIXED-LENGTH DATA ELEMENTS--GENERAL INFORMATION
fixed length control field 231205b |||||||| |||| 00| 0 eng d
020 ## - INTERNATIONAL STANDARD BOOK NUMBER
International Standard Book Number 9780414033627
040 ## - CATALOGING SOURCE
Language of cataloging English
Transcribing agency CBULib
Description conventions rda
041 ## - LANGUAGE CODE
Language code of text/sound track or separate title eng
050 ## - LIBRARY OF CONGRESS CALL NUMBER
Classification number 752553
100 1# - MAIN ENTRY--PERSONAL NAME
Personal name Bradney, Anthony
9 (RLIN) 1244
245 ## - TITLE STATEMENT
Title How to study law
250 ## - EDITION STATEMENT
Edition statement Seventh edition.
260 ## - PUBLICATION, DISTRIBUTION, ETC. (IMPRINT)
Name of publisher, distributor, etc Sweet & Maxwell,
Date of publication, distribution, etc 2014
Place of publication, distribution, etc London :
300 ## - PHYSICAL DESCRIPTION
Extent 184 pages, 10 unnumbered pages
336 ## - CONTENT TYPE
Source rdacontent
Content type term Text |
Content type code txt
337 ## - MEDIA TYPE
Source rdamedia
Media type code n
Media type term Unmediated |
338 ## - CARRIER TYPE
Source rdacarrier
Carrier type term Volume
Carrier type code nc
504 ## - BIBLIOGRAPHY, ETC. NOTE
Bibliography, etc Include appendix and index
650 #0 - SUBJECT ADDED ENTRY--TOPICAL TERM
9 (RLIN) 42
Topical term or geographic name as entry element GREAT BRITAIN
650 #0 - SUBJECT ADDED ENTRY--TOPICAL TERM
9 (RLIN) 482
Topical term or geographic name as entry element LAW--GREAT BRITAIN
650 #0 - SUBJECT ADDED ENTRY--TOPICAL TERM
9 (RLIN) 1246
Topical term or geographic name as entry element LAW STUDY AND TEACHING
650 #0 - SUBJECT ADDED ENTRY--TOPICAL TERM
9 (RLIN) 1247
Topical term or geographic name as entry element LAW STUDY AND TEACHING GREAT BRITAIN
942 ## - ADDED ENTRY ELEMENTS (KOHA)
Source of classification or shelving scheme
Koha item type MONOGRAPH
Holdings
Withdrawn status Lost status Source of classification or shelving scheme Damaged status Not for loan Collection code Permanent Location Current Location Shelving location Date acquired Source of acquisition Total Checkouts Full call number Barcode Date last seen Date checked out Copy number Price effective from Koha item type
          Main Library Open Access Collection CBU-MAIN LIBRARY, KITWE. CBU-MAIN LIBRARY, KITWE. General Stacks 12/05/2023 Book Aid International 2 KD 18 Bra 752553 02/05/2025 02/05/2025 1 12/05/2023 MONOGRAPH